000 01470cam a2200361 a 4500
001 EDZ0000064259
003 StDuBDS
005 20161031105100.0
006 m||||||||d||||||||
007 cr |||||||||||
008 120327s2003 enka fo| 001|0|eng d
020 _a9781446218884 (ebook) :
_cNo price
040 _aStDuBDS
_beng
_cStDuBDS
_epn
049 _aAlfaisal Main Library
050 0 _aHM1033
_b.H46 2003
082 0 4 _a302
_223
100 1 _aHepburn, Alexa.
245 1 3 _aAn introduction to critical social psychology
_h[electronic resource] /
_cAlexa Hepburn.
260 _aLondon :
_bSAGE,
_cc2003.
300 _a1 online resource (ix, 278 p.) :
_bill.
500 _aPublished in association with the Open University.
504 _aIncludes bibliographical references and index.
520 8 _aThis text provides a systematic, integrated and accessible introduction to social psychology as a critical discipline. A critical approach depends on a range of often-implicit theories of society and knowledge, as well as the subject.
521 _aSpecialized.
588 _aDescription based on print version record.
650 0 _aSocial psychology.
655 7 _aElectronic books.
_2local
710 2 _aSage eBooks
710 2 _aOpen University.
776 0 8 _iPrint version :
_z9780761962106
856 4 0 _uhttp://ezproxy.alfaisal.edu/login?url=http://sk.sagepub.com/books/an-introduction-to-critical-social-psychology
942 _2lcc
_cEBOOKS
999 _c478998
_d478998